Paesi più popolosi di tutti i loro vicini messi insieme - Statistics

Statistiche generali
  • Questo quiz è stato fatto 136 volte
  • Il punteggio medio è 4 su 8
Statistiche sulle risposte
Paese % Corretto
Stati Uniti
92%
Indonesia
65%
Nigeria
62%
Sudafrica
57%
Egitto
52%
Regno Unito
49%
Corea del Sud
39%
Haiti
20%
Nessun quiz corrispondente trovato
Distribuzione punteggi
Percentuale di utenti per punteggio
Percentile per numero di risposta
I tuoi punteggi nel tempo
Non hai fatto questo quiz